| 000 | 00505nam a22001937a 4500 | ||
|---|---|---|---|
| 005 | 20230918101831.0 | ||
| 008 | 230918b |||||||| |||| 00| 0 eng d | ||
| 020 | _a9781442564190 | ||
| 082 |
_a651.933 _bWAT-C |
||
| 100 | _aWaters kay | ||
| 245 | _aA critical guide to working in the financial services industry | ||
| 250 | _a4th ed. | ||
| 260 |
_aAustralia _bPearson _c2013 |
||
| 300 | _a516 | ||
| 500 | _aIncludes Glossary , Index | ||
| 650 | _aManagement | ||
| 700 | _aKay waters | ||
| 999 |
_c33597 _d33597 |
||